00701nam a22001577a 450000500170000000800410001702200140005808200100007211000410008224500720012324600980019526001150029330000150040831000160042327001040043920200122121813.0200122b ||||| |||| 00| 0 eng d a2249-197X a315.4 aNational Sample Survey Organisation. aSarvekshana : bjournal of the National Sample Survey Organisation aSarvekṣaṇa : brāṣṭrīya pratidarīa sarvekṣaṇa saṃgaṭhana kī patrikā a DelhibDepartment of Statistics, Ministry of Planning & Programme Implementation, Government of India.c1985- av.c29 cm. aBi-annually aNational Sample Survey Office, Sankhyiki Bhavan, Maharshi Valmiki Marg, CBD ShahdarabDelhie110032